[Event "La Paz Primera Categoria Adalp"]
[Site "La Paz"]
[Date "2017.01.31"]
[Round "4.4"]
[White "Maceda, Marcio"]
[Black "Lopez, Ricardo1111"]
[Result "1-0"]
[WhiteElo "2037"]
[BlackElo "1522"]
[PlyCount "55"]
[EventDate "2017.01.26"]
[EventType "swiss"]
[EventRounds "7"]
[EventCountry "BOL"]
[SourceTitle "EXT 2024"]
[Source "ChessBase"]
[SourceDate "2023.10.10"]
[SourceVersion "1"]
[SourceVersionDate "2023.10.10"]
[SourceQuality "1"]

1. e4 c6 2. d4 d5 3. Nc3 dxe4 4. Nxe4 Bf5 5. Ng3 Bg6 6. h4 h6 7. h5 Bh7 8. Nf3 Nd7 9. Bd3 Bxd3 10. Qxd3 Ngf6 11. Bf4 e6 12. 0-0-0 Qa5 13. Kb1 Nd5 14. Bd2 Qb6 15. Rhe1 0-0-0 16. c4 Nc7 17. Bc3 Bb4 18. Ne4 f5 19. c5 Nxc5 20. Nxc5 Bxc5 21. dxc5 Qxc5 22. Qc2 Qe7 23. Nd4 Qf7 24. Ba5 Rhe8 25. Bxc7 Kxc7 26. Nb5+ Kb8 27. Nd6 Qd7 28. Nxe8 1-0

[Event "Piura op"]
[Site "Piura"]
[Date "2013.??.??"]
[Round "2"]
[White "Principe, Gerson"]
[Black "Maceda, Marcio"]
[Result "1-0"]
[WhiteElo "2196"]
[BlackElo "1952"]
[PlyCount "106"]
[EventDate "2013.08.12"]
[EventType "swiss"]
[EventRounds "8"]
[EventCountry "PER"]
[SourceTitle "CBM 155 Extra"]
[Source "ChessBase"]
[SourceDate "2013.08.26"]
[SourceVersion "1"]
[SourceVersionDate "2013.08.26"]
[SourceQuality "1"]

1. d4 Nf6 2. Nf3 e6 3. c4 Be7 4. g3 d5 5. Bg2 0-0 6. 0-0 Nbd7 7. Nbd2 c6 8. Qc2 a6 9. e4 dxe4 10. Nxe4 Nxe4 11. Qxe4 c5 12. Rd1 Qb6 13. b3 cxd4 14. Nxd4 Bf6 15. Be3 Qc7 16. Rac1 e5 17. Ne2 Nc5 18. Qd5 Be7 19. b4 Bg4 20. Bxc5 Bxe2 21. Re1 Bxc5 22. Qxc5 Qxc5 23. bxc5 Bg4 24. Bxb7 Ra7 25. Rb1 f6 26. Bd5+ Kh8 27. c6 Bc8 28. f4 Re7 29. Rb3 g6 30. Kf2 g5 31. fxe5 fxe5+ 32. Rf3 Rf5 33. Rxf5 Bxf5 34. Re3 Bb1 35. Rb3 Bf5 36. Rb7 Re8 37. Ke3 h5 38. Be4 Be6 39. Rh7+ Kg8 40. Rxh5 Bxc4 41. Rxg5+ Kf8 42. Bd3 Bxa2 43. Bxa6 Re7 44. Bd3 Kf7 45. Ke4 Rc7 46. Bb5 Bb1+ 47. Kxe5 Re7+ 48. Kd6 Re6+ 49. Kc5 Kf6 50. Rg8 Ba2 51. Rd8 Re1 52. Kb6 Be6 53. c7 Ke5 1-0